[Каталог (Запись № 6369332)

Подробности
000 -МАРКЕР
контрольное поле 01582nam0a22003371 4500
001 - ИДЕНТИФИКАТОР ЗАПИСИ
контрольное поле rc\3529238
005 - ИДЕНТИФИКАТОР ВЕРСИИ
контрольное поле 20260406224325.0
021 ## - НОМЕР ГОСУДАРСТВЕННОЙ РЕГИСТРАЦИИ
Код страны Российская Федерация
Номер [72-30488]
035 ## - ДРУГИЕ СИСТЕМНЫЕ НОМЕРА
Идентификатор записи (NLR Aleph) 007664653
100 ## - ДАННЫЕ ОБЩЕЙ ОБРАБОТКИ
Данные общей обработки 20130115d1972 |||y0rusy50 ca
101 0# - ЯЗЫК РЕСУРСА
Язык текста, звукозаписи и т.д. русский
102 ## - СТРАНА ПУБЛИКАЦИИ ИЛИ ПРОИЗВОДСТВА
Страна публикации Российская Федерация
105 ## - ПОЛЕ КОДИРОВАННЫХ ДАННЫХ: ТЕКСТОВЫЕ МАТЕРИАЛЫ, МОНОГРАФИЧЕСКИЕ
Кодированные данные о монографическом текстовом документе a b |||||
200 1# - ЗАГЛАВИЕ И СВЕДЕНИЯ ОБ ОТВЕТСТВЕННОСТИ
Основное заглавие [Каталог
Первые сведения об ответственности Предисл. М. Габитовой]
Последующие сведения об ответственности М-во культуры КазССР. Союз художников Казахстана. Персон. выставка произведений Р.В. Великановой
210 ## - ПУБЛИКАЦИЯ, РАСПРОСТРАНЕНИЕ И ДР.
Место издания, распространения и т.д. Алма-Ата
Имя издателя, распространителя и т. д. Б. и.
Дата издания, распространения и т.д. 1972
215 ## - ФИЗИЧЕСКАЯ ХАРАКТЕРИСТИКА
Специфическое обозначение материала и объем 17 с., 4 л. ил.
Размеры 17
225 1# - СЕРИЯ
Основное заглавие серии 50 лет творческой деятельности
532 13 - РАСШИРЕННОЕ ЗАГЛАВИЕ
Заглавие Каталог
606 ## - НАИМЕНОВАНИЕ ТЕМЫ КАК ПРЕДМЕТ
Наименование темы Казахская советская живопись
Тематический подзаголовок Выставки
Хронологический подзаголовок 1972
Географический подзаголовок Алма-Ата
Код системы psbo
606 ## - НАИМЕНОВАНИЕ ТЕМЫ КАК ПРЕДМЕТ
Наименование темы Казахская советская графика
Тематический подзаголовок Выставки
Хронологический подзаголовок 1972
Географический подзаголовок Алма-Ата
Код системы psbo
606 ## - НАИМЕНОВАНИЕ ТЕМЫ КАК ПРЕДМЕТ
Наименование темы Русская советская графика
Тематический подзаголовок Выставки
Хронологический подзаголовок 1972
Географический подзаголовок Алма-Ата
Код системы psbo
606 ## - НАИМЕНОВАНИЕ ТЕМЫ КАК ПРЕДМЕТ
Наименование темы Русская советская живопись
Тематический подзаголовок Выставки
Хронологический подзаголовок 1972
Географический подзаголовок Алма-Ата
Код системы psbo
702 #1 - ИМЯ ЛИЦА - ВТОРИЧНАЯ ОТВЕТСТВЕННОСТЬ
Начальный элемент ввода Габитова
Часть имени, кроме начального элемента ввода М.
Код отношения Автор введения, предисловия, примечания и т.п.
710 10 - НАИМЕНОВАНИЕ ОРГАНИЗАЦИИ - ПЕРВИЧНАЯ ОТВЕТСТВЕННОСТЬ
Начальный элемент ввода Великанова,
Инверсированный элемент Регина Васильевна
Часть наименования, отличная от начального элемента ввода и от инверсированного элемента Выставка произведений
Дата проведения временной организации 1972
Место проведения временной организации Алма-Ата
Идентификатор авторитетной/нормативной записи RU\NLR\AUTH\889979952
Системный номер авторитетной/нормативной записи 456223
801 #0 - ИСТОЧНИК ЗАПИСИ
Страна Российская Федерация
Организация NLR
Правила каталогизации psbo
801 #1 - ИСТОЧНИК ЗАПИСИ
Страна Российская Федерация
Организация ELAR
Источник данных rusmarc
852 ## - МЕСТОНАХОЖДЕНИЕ И ШИФР ХРАНЕНИЯ
Идентификатор организации NLR
Наименование фонда или коллекции (Sub-Location Identifier) Э
Шифр хранения (Call Number) КП/В272
942 ## - ДОПОЛНИТЕЛЬНЫЕ ЭЛЕМЕНТЫ ЗАПИСИ (АБИС)
Тип экземпляра АБИС Книга
980 ## - КОЛЛЕКЦИЯ
Название коллекции Национальная библиография
Экземпляры
Тип экземпляра Дата поступления Библиотека постоянного хранения Библиотека текущего хранения Место хранения Шифр хранения Штрих-код Статус экземпляра
Книга 26.10.2013 РНБ (Садовая) РНБ (Садовая) Фонд эстампов и фотографий (изоизданий) Э КП/В272 7664653-10